00638nam a2200193Ia 4500008004100000020001800041082001600059100001800075245007800093250000700171260004200178300002400220500001900244600001500263650001500278942000700293952012700300999001700427240925s9999 xx 000 0 und d a9781118456538 a658.406 SOL aSolis, Brian 0aWhats The Future of Business: changing the way business create experinces aNA aAustralia:bJohn Wiley & Sonsc,2013. a420p.bNAfOriginal aIncludes Index aManagement aManagement cBK 001040708MANaUITUbUITUd2019-01-29eBook Stationg600.00l0o658.406 SOLpQ14175r2024-09-25 07:17:12w2024-09-25yBK c16674d16674